Kluby Ekstraklasy 2025/26 - Nagła śmierć - Statystyki

Ogólne statystyki
  • Ten quiz został rozwiązany 256 razy
  • Średni wynik to 14 z 18
Answers on the Grid
Answers color-coded by a green-red scale on the quiz's grid according to % correct below.
Cracovia
GKS Katowice
Górnik Zabrze
Jagiellonia Białystok
Lech Poznań
Lechia Gdańsk
Legia Warszawa
Motor Lublin
Arka Gdynia
Bruk-Bet Termalica Nieciecza
Wisła Płock
Radomiak Radom
Piast Gliwice
Raków Częstochowa
Pogoń Szczecin
Widzew Łódź
Zagłębie Lubin
Korona Kielce
ŁKS Łódź
Ruch Chorzów
Puszcza Niepołomice
Śląsk Wrocław
Stal Mielec
Górnik Łęczna
Miedź Legnica
GKS Tychy
Wisła Kraków
Warta Poznań
Stal Rzeszów
Polonia Warszawa
Zawisza Bydgoszcz
Zagłębie Sosnowiec
Podbeskidzie Bielsko-Biała
Wieczysta Kraków
 
Statystyki odpowiedzi
Odpowiedź % Poprawnych
Jagiellonia Białystok
85%
Górnik Zabrze
84%
Cracovia
83%
Widzew Łódź
83%
Lechia Gdańsk
82%
Lech Poznań
82%
Legia Warszawa
82%
Motor Lublin
82%
Raków Częstochowa
82%
Pogoń Szczecin
81%
Arka Gdynia
80%
GKS Katowice
79%
Radomiak Radom
79%
Zagłębie Lubin
79%
Korona Kielce
78%
Piast Gliwice
77%
Bruk-Bet Termalica Nieciecza
76%
Wisła Płock
76%
Nie znaleziono quizów pasujących do podanych kryteriów
Rozkład punktacji
Procent ludzi z każdym wynikiem
Percentyl według liczby udzielonych odpowiedzi
Twoja historia wyników
Nie rozwiązałeś tego quizu